|
|
|
|
| LEADER |
00000nam a2200000 4500 |
| 001 |
vtls011765970 |
| 003 |
SK-MaSNL |
| 005 |
20260301225241.0 |
| 008 |
200316s2018 xo ol g n 001 0 slo |
| 015 |
|
|
|a SNBA2018/08
|
| 020 |
|
|
|a 9788089607600
|q (viazané)
|
| 035 |
|
|
|a urn:nbn:sk:snk-am00dhpo
|
| 035 |
|
|
|a urn:nbn:sk:snk-am3i2ne
|
| 035 |
|
|
|a 049D1FDF-6F52-4DF8-929F-5CDF01DFB5CF
|
| 040 |
|
|
|a SNK
|b slo
|c SNK
|e rda
|
| 041 |
0 |
|
|a slo
|
| 044 |
|
|
|a xo
|c SK
|
| 072 |
|
7 |
|a 616
|x Patológia. Klinická medicína
|2 konspekt
|
| 080 |
|
|
|a 616.14-005.6
|2 2011
|
| 080 |
|
|
|a 616-07
|2 2011
|
| 080 |
|
|
|a 616-08
|2 2011
|
| 080 |
|
|
|a (048.8:082)
|2 2011
|
| 100 |
1 |
|
|a Štvrtinová, Viera,
|d 1958-
|4 aut
|9 190353
|
| 245 |
1 |
0 |
|a Venózny tromboembolizmus
|c Viera Štvrtinová et al.
|
| 250 |
|
|
|a 1. vydanie
|
| 264 |
|
1 |
|a Bratislava
|b SAP - Slovak Academic Press s.r.o.
|c 2018
|
| 300 |
|
|
|a 388 strán
|b farebné fotografie, schémy, tabuľky
|c 25 cm
|
| 336 |
|
|
|a text
|b txt
|2 rdacontent
|
| 337 |
|
|
|a bez média
|b n
|2 rdamedia
|
| 338 |
|
|
|a zväzok
|b nc
|2 rdacarrier
|
| 504 |
|
|
|a Obsahuje bibliografiu, register a skratky
|
| 650 |
0 |
7 |
|a žilová trombóza
|2 SNKPH
|9 179695
|
| 650 |
0 |
7 |
|a Venous thrombosis
|2 SNKPHeng
|9 418049
|
| 650 |
0 |
7 |
|a diagnostika (medicína)
|2 SNKPH
|9 28740
|
| 650 |
0 |
7 |
|a Medical diagnostics
|2 SNKPHeng
|9 268685
|
| 650 |
0 |
7 |
|a terapia
|2 SNKPH
|9 781
|
| 650 |
0 |
7 |
|a Therapy
|2 SNKPHeng
|9 267006
|
| 655 |
|
7 |
|a kolektívne monografie
|2 SNKPH
|9 249850
|
| 655 |
|
7 |
|a Collective monographs
|2 SNKPHeng
|9 125747
|
| 919 |
|
|
|a 978-80-89607-60-0
|
| 958 |
|
|
|a NB
|
| 958 |
|
|
|a MI
|
| 999 |
|
|
|c 950206
|d 952136
|
| 952 |
|
|
|a SNK
|b SNK
|y PREZ
|7 0
|p 17A1333495
|o snkSC 180222
|i snk2018/14690
|8 0
|0 0
|1 0
|4 0
|d 2018-07-10
|f 1
|l 0
|r 2026-02-24 09:46:11
|w 2026-02-24
|
| 952 |
|
|
|a SNK
|b SNK
|y VYP
|7 0
|p 17A1333496
|o snkSC 180222 D1
|i snk2018/14691
|8 0
|0 0
|1 0
|4 0
|d 2018-07-10
|l 0
|r 2026-02-24 09:46:11
|w 2026-02-24
|